Dzieła sztuki - quiz obrazkowy #3 - Statystyki

Ogólne statystyki
  • Ten quiz został rozwiązany 210 razy
  • Średni wynik to 7 z 15
Statystyki odpowiedzi
Obrazkowy Odpowiedź % Poprawnych
Jan Matejko/
Stańczyk
89%
Leonardo da Vinci /
Człowiek witruwiański
89%
Michelangelo /
Pietà
76%
Claude Monet /
Budynek Parlamentu w Londynie
62%
Agesandros z Rodos./
Wenus z Milo
54%
Banksy /
Balloon Girl
52%
Rembrandt /
Autoportret
51%
Rafael Santi /
Szkoła Ateńska
41%
Édouard Manet/
Śniadanie na trawie
36%
Sandro Botticelli /
Wiosna
26%
Marcel Duchamp /
Fontanny
25%
Edgar Degas /
Absynt
19%
Marc Chagall /
Ja i wioska
18%
Edward Hopper /
Nighthawks
15%
Edvard Eriksen /
Mała Syrenka
14%
Nie znaleziono quizów pasujących do podanych kryteriów
Rozkład punktacji
Procent ludzi z każdym wynikiem
Percentyl według liczby udzielonych odpowiedzi
Twoja historia wyników
Nie rozwiązałeś tego quizu